Physics/ (Record no. 1550)
[ view plain ]
| 000 -LEADER | |
|---|---|
| fixed length control field | 00471nam a22001577a 4500 |
| 005 - DATE AND TIME OF LATEST TRANSACTION | |
| control field | 20241125202304.0 |
| 008 - FIXED-LENGTH DATA ELEMENTS--GENERAL INFORMATION | |
| fixed length control field | 241125b |||||||| |||| 00| 0 eng d |
| 020 ## - INTERNATIONAL STANDARD BOOK NUMBER | |
| International Standard Book Number | 9780697172181 |
| 050 ## - LIBRARY OF CONGRESS CALL NUMBER | |
| Classification number | QC23 TIL |
| 100 ## - MAIN ENTRY--PERSONAL NAME | |
| Personal name | Tillery, Bill W. |
| 245 ## - TITLE STATEMENT | |
| Title | Physics/ |
| Remainder of title | foundations of physical science |
| Statement of responsibility, etc. | Bill W. Tillery |
| 250 ## - EDITION STATEMENT | |
| Edition statement | 2nd ed. |
| 260 ## - PUBLICATION, DISTRIBUTION, ETC. | |
| Place of publication, distribution, etc. | Dubuque, Iowa |
| Name of publisher, distributor, etc. | Wm. C. Brown Publishers |
| Date of publication, distribution, etc. | 1993 |
| 300 ## - PHYSICAL DESCRIPTION | |
| Extent | xiv. 618p. |
| Other physical details | ill. some color |
| Dimensions | 27.5cm |
| 942 ## - ADDED ENTRY ELEMENTS (KOHA) | |
| Source of classification or shelving scheme | Library of Congress Classification |
| Koha item type | Books |
| Edition | 2nd ed. |
| Suppress in OPAC | No |
| 999 ## - | |
| -- | 1550 |
| -- | 1550 |
| Withdrawn status | Lost status | Source of classification or shelving scheme | Damaged status | Not for loan | Collection | Home library | Current library | Shelving location | Date acquired | Total checkouts | Full call number | Barcode | Date last seen | Copy number | Price effective from | Koha item type |
|---|---|---|---|---|---|---|---|---|---|---|---|---|---|---|---|---|
| Library of Congress Classification | Non-fiction | Science Library (Miotso) | Science Library (Miotso) | General stacks | 11/25/2024 | QC23 TIL | SLM00000847 | 11/25/2024 | 1 | 11/25/2024 | Books | |||||
| Library of Congress Classification | Non-fiction | Science Library (Miotso) | Science Library (Miotso) | General stacks | 11/25/2024 | QC23 TIL | SLM00000848 | 11/25/2024 | 2 | 11/25/2024 | Books | |||||
| Library of Congress Classification | Non-fiction | Science Library (Miotso) | Science Library (Miotso) | General stacks | 11/25/2024 | QC23 TIL | SLM00000849 | 11/25/2024 | 3 | 11/25/2024 | Books | |||||
| Library of Congress Classification | Non-fiction | Science Library (Miotso) | Science Library (Miotso) | General stacks | 11/25/2024 | QC23 TIL | SLM00000850 | 11/25/2024 | 4 | 11/25/2024 | Books | |||||
| Library of Congress Classification | Non-fiction | Science Library (Miotso) | Science Library (Miotso) | General stacks | 11/25/2024 | QC23 TIL | SLM00000851 | 11/25/2024 | 5 | 11/25/2024 | Books | |||||
| Library of Congress Classification | Non-fiction | Science Library (Miotso) | Science Library (Miotso) | General stacks | 11/25/2024 | QC23 TIL | SLM00000852 | 11/25/2024 | 6 | 11/25/2024 | Books | |||||
| Library of Congress Classification | Non-fiction | Science Library (Miotso) | Science Library (Miotso) | General stacks | 11/25/2024 | QC23 TIL | SLM00000853 | 11/25/2024 | 7 | 11/25/2024 | Books |